საქართველოს საგადასახადო კოდექსის კომენტარები : კომენტარები მომზადებულია საქართველოს საგადასახადო კოდექსის 2005 წლის 25 ოქტომბრის მდგომარეობით / (ბიბ.ჩანაწერი № 36661)
[ მარტივი ფორმატი ]
| 000 -ლიდერი | |
|---|---|
| ფიქსირებული სიგრძის საკონტროლო ველი | 01613nam a2200241Ia 4500 |
| 001 - საკონტროლო ნომერი | |
| საკონტროლო ველი | 2584 |
| 003 - საკონტროლო ნომრის იდენტიფიკატორი | |
| საკონტროლო ველი | GE_BSU |
| 005 - ბოლო ოპერაციის თარიღი და დრო | |
| საკონტროლო ველი | 20250404123008.0 |
| 008 - ფიქსირებული სიგრძის მონაცემთა ელემენტები - ზოგადი ინფორმაცია | |
| ფიქსირებული სიგრძის საკონტროლო ველი | 181216s2005||||ge |||||||||||||| ||geo|| |
| 040 ## - კატალოგიზაციის წყარო | |
| Transcribing agency | GE_BSU |
| 041 ## - ენის კოდი | |
| Language code of text/sound track or separate title | geo |
| 080 ## - უნივერსალური ათობითი კლასიფიკაციის ინდექსი | |
| Universal Decimal Classification number | 342.743(094.9) ხ–65 |
| 100 ## - მთავარი ჩანაწერი - პიროვნების სახელი | |
| Personal name | ხმალაძე, ვახტანგ |
| 9 (RLIN) | 11154 |
| 245 ## - ცნობა სათაურის შესახებ | |
| Title | საქართველოს საგადასახადო კოდექსის კომენტარები : კომენტარები მომზადებულია საქართველოს საგადასახადო კოდექსის 2005 წლის 25 ოქტომბრის მდგომარეობით / |
| Statement of responsibility, etc | ვახტანგ ხმალაძე, ირაკლი შავიშვილი, დავით ხატიაშვილი, ბუღალტერთა და აუდიტორთა ფედერაცია ; [რედ. მიხეილ ჯიბუტი]. |
| 264 ## - წარმოების, გამოცემის, დისტრიბუციის და სხვა ცნობები | |
| გამოცემის, წარმოების, დისტრიბუციის... ადგილი | თბილისი: |
| გამოცემის, წარმოების, დისტრიბუციის... სახელწოდება | თერგი, |
| გამოცემის, წარმოების, დისტრიბუციის... თარიღი | 2005. |
| 300 ## - ფიზიკური აღწერა | |
| Extent | 735 გვ. |
| Other physical details | ილ. |
| 653 ## - INDEX TERM--UNCONTROLLED | |
| Uncontrolled term | საქართველოს საგადასახადო კოდექსის კომენტარები. |
| 653 ## - INDEX TERM--UNCONTROLLED | |
| Uncontrolled term | საგადასახადო კოდექსი |
| 700 ## - ADDED ENTRY--PERSONAL NAME | |
| Personal name | შავიშვილი, ირაკლი |
| 9 (RLIN) | 11155 |
| 700 ## - ADDED ENTRY--PERSONAL NAME | |
| Personal name | ხატიაშვილი, დავით |
| 9 (RLIN) | 11156 |
| 700 ## - ADDED ENTRY--PERSONAL NAME | |
| Personal name | ჯიბუტი, მიხეილ |
| Relator term | რედაქტორი |
| 9 (RLIN) | 11157 |
| 942 ## - ADDED ENTRY ELEMENTS (KOHA) | |
| Koha item type | წიგნი |
| Source of classification or shelving scheme | |
| ჩამოწერის სტატუსი | დაკარგული ეგზემპლარის სტატუსი | კლასიფიკაციის წყარო ან თაროზე გაწყობის სქემა | დაზიანების სტატუსი | არ გაიცემა | მუდმივი მდებარეობა (დაცვის ადგილი) | ამჟამინდელი ადგილსამყოფელი | თაროზე განთავსების ადგილი | შეძენის თარიღი | ღირებულება, შესყიდვის ნორმალური ფასი | სრული შენახვის შიფრი | შტრიხკოდი | ბოლო ოპერაციის თარიღი | ეგზემპლარის მიმდევრობითი ნომერი (კეტერი?) | ფასის ძალაში შესვლის თარიღი | ეგზემპლარის სახეობა | საჯარო შენიშვნა |
|---|---|---|---|---|---|---|---|---|---|---|---|---|---|---|---|---|
| ბათუმის შოთა რუსთაველის სახელმწიფო უნივერსიტეტის მთავარი ბიბლიოთეკა | ბათუმის შოთა რუსთაველის სახელმწიფო უნივერსიტეტის მთავარი ბიბლიოთეკა | წიგნსაცავი | 2018-12-17 | 25.00 | 342.743(094.9) ხ–65 | 1056 | 2018-12-17 | 1056 | 2018-12-17 | წიგნი | 25 ლ. | |||||
| ბათუმის შოთა რუსთაველის სახელმწიფო უნივერსიტეტის მთავარი ბიბლიოთეკა | ბათუმის შოთა რუსთაველის სახელმწიფო უნივერსიტეტის მთავარი ბიბლიოთეკა | წიგნსაცავი | 2025-04-04 | 25.00 | 342.743(094.9) ხ–65 | 70994 | 2025-04-04 | 70994 | 2025-04-04 | წიგნი | 25.00 | |||||
| ბათუმის შოთა რუსთაველის სახელმწიფო უნივერსიტეტის მთავარი ბიბლიოთეკა | ბათუმის შოთა რუსთაველის სახელმწიფო უნივერსიტეტის მთავარი ბიბლიოთეკა | წიგნსაცავი | 2025-04-04 | 25.00 | 342.743(094.9) ხ–65 | 70995 | 2025-04-04 | 70995 | 2025-04-04 | წიგნი | 25.00 | |||||
| ბათუმის შოთა რუსთაველის სახელმწიფო უნივერსიტეტის მთავარი ბიბლიოთეკა | ბათუმის შოთა რუსთაველის სახელმწიფო უნივერსიტეტის მთავარი ბიბლიოთეკა | წიგნსაცავი | 2025-04-04 | 25.00 | 342.743(094.9) ხ–65 | 70996 | 2025-04-04 | 70996 | 2025-04-04 | წიგნი | 25.00 | |||||
| ბათუმის შოთა რუსთაველის სახელმწიფო უნივერსიტეტის მთავარი ბიბლიოთეკა | ბათუმის შოთა რუსთაველის სახელმწიფო უნივერსიტეტის მთავარი ბიბლიოთეკა | წიგნსაცავი | 2025-04-04 | 25.00 | 342.743(094.9) ხ–65 | 70997 | 2025-04-04 | 70997 | 2025-04-04 | წიგნი | 25.00 | |||||
| ბათუმის შოთა რუსთაველის სახელმწიფო უნივერსიტეტის მთავარი ბიბლიოთეკა | ბათუმის შოთა რუსთაველის სახელმწიფო უნივერსიტეტის მთავარი ბიბლიოთეკა | წიგნსაცავი | 2025-04-04 | 25.00 | 342.743(094.9) ხ–65 | 70998 | 2025-04-04 | 70998 | 2025-04-04 | წიგნი | 25.00 |
